Yüklüyor......

Theories of value and distribution since Adam Smith: Ideology and economic theory

Detaylı Bibliyografya
Yazar: Dobb, Maurice
Materyal Türü: Printed Book
Baskı/Yayın Bilgisi: New Delhi Vikas Publishing House Pvt Ltd 1979
Konular:
LEADER 00531nam a2200157 4500
082 |a S 330.1 DOB-T 
100 |a Dobb, Maurice 
245 |a Theories of value and distribution since Adam Smith: Ideology and economic theory 
250
260 |a New Delhi  |b Vikas Publishing House Pvt Ltd  |c 1979 
300
490
650 |a Economic systems and theories 
942 |c BK 
999 |c 224974  |d 224974 
952 |0 0  |1 0  |4 0  |6 S_330_100000000000000_DOBT  |7 0  |9 239107  |a SDE  |b SDE  |d 2019-12-12  |l 0  |o S 330.1 DOB-T  |p SDE4282  |r 2019-12-12  |w 2019-12-12  |y BK